000 00572nam a2200193 4500
999 _c163347
_d163347
005 20190410173505.0
010 _aENG-125041
020 _a9789352352135
_c280.00
035 _aEN-108573
037 _bDBAD/PUB
082 _a658.83
100 _aNasar, S.
245 _aMarketing research/
_cby S.Nasar [and] S.Lakshmi
260 _aMadurai
_bShanlax Publications
_c2015
270 _a61,66 Vasantha Nagar
_bMadurai
_e625003
_mshanlaxpublications@gmail.com
300 _a205p.
_c25cm(Pbk)
700 _aLakshmi, S.
942 _2ddc
_cEN
_h658.83
_mNAS